000 00282nam a22001337a 4500
008 170308b xxu||||| |||| 00| 0 eng d
020 _a9781400040940
041 _aeng
080 _a611
100 _a6
101 _aSHM
245 _aANATOMY FASCISM
_cPAXTON.R.O
942 _2udc
_cBK
999 _c7207
_d7207